000
00231nam a22000857a 4500
008
161031b xxu||||| |||| 00| 0 eng d
100
_9
991
_a
Mishra.A.etal.
245
_a
Basic Science-VIII
260
_a
New Delhi
_b
Bharati Publications
_c
2012
999
_c
3650
_d
3650